000 00985 a2200193 4500
001 57811
005 20260407155838.0
008 260407a1974 arg spa d
003 AR-UNSa-BCEJYS
040 _aAR-UNSa-BCEJYS
_bspa
_cAR-UNSa-BCEJYS
080 _a347.453
_xAlquiler. Arrendamiento (Locaciones urbanas)
245 1 0 _aAlquileres de inmuebles urbanos
264 1 _aBuenos Aires :
_bVíctor P. de Zavalía
_c1974
300 _a293 p.
_c23 cm.
505 _a1. Ámbito de aplicación de la ley – 2. Régimen de precios – 3. Continuadores de la locación – 4. Desalojo – 5. Disposiciones procesales – 6. Opción de compra: tanteo – 7. Seguro obligatorio de garantía – 8. Disposiciones transitorias – 9. Alcance de aplicación – convenios privados – 10. Competencia de aplicación administrativa – 11. Vigencia – 12. Facultad de interpretación: sanciones
942 _cBK
590 _aniveau_biblio:m niveau_hierar:0
100 1 _aRinessi, Antonio Juan
999 _c6314
_d6314